MARC

LEADER 00000nam0a2200000 4500
001 276873
005 20231101234949.0
035 |a (RuTPU)RU\TPU\book\300146 
090 |a 276873 
100 |a 20141126d1986 km y0rusy50 ca 
101 0 |a rus 
102 |a RU 
105 |a ac z 001zb 
200 1 |a Франц Нейман 1798-1895  |f А. С Сонин  |g Академия наук СССР (АН СССР) ; под ред. Б. К. Вайнштейна 
210 |a Москва  |c Наука  |d 1986 
215 |a 224 с.  |c ил. 
225 1 |a Научно-биографическая серия 
320 |a Библиогр.: с. 216-220 
600 1 |a Нейман  |b Ф.  |c физик  |c основоположник кристаллографии  |f 1798-1895  |g Франц  |2 stltpush  |3 (RuTPU)RU\TPU\pers\36761 
606 1 |a Физики  |x Персоналии  |2 stltpush  |3 (RuTPU)RU\TPU\subj\67452  |9 83245 
610 1 |a ученые-физики 
610 1 |a Германия 
610 1 |a история 
610 1 |a 19 век 
610 1 |a кристаллография 
610 1 |a теоретическая физика 
675 |a 53(092)  |v 3 
700 1 |a Сонин  |b А. С  |g Анатолий Степанович 
702 1 |a Вайнштейн  |b Б. К.  |4 340 
712 0 2 |a Академия наук СССР (АН СССР)  |c (1925-1991)  |2 stltpush  |3 (RuTPU)RU\TPU\col\722 
801 1 |a RU  |b 63413507  |c 20141126 
801 2 |a RU  |b 63413507  |c 20160520  |g RCR 
942 |c BK